000 01911cam a2200421 a 4500
001 15281923
003 OSt
005 20210517110729.0
008 080430s2008 enk b 001 0 eng
010 _a 2008018980
015 _aGBA806082
_2bnb
016 7 _a014493011
_2Uk
020 _a9780199540921
020 _a0199540926
035 _a(OCoLC)ocn190967279
035 _a(OCoLC)190967279
040 _aDLC
_cDLC
_dUKM
_dBTCTA
_dYDXCP
_dBAKER
_dBWKUK
_dBWK
_dDLC
043 _ae-uk-en
050 0 0 _aKD1480.P47
082 0 0 _a346.4205/9
_222
100 1 _aPenner, J. E.
_q(James E.)
245 1 4 _aThe law of trusts. /
_cJ.E. Penner.
250 _a6th ed.
260 _aOxford ;
_aNew York :
_bOxford University Press,
_c2008.
300 _axxxix, 498 p. :
_c24 cm.
490 1 _aCore text series
504 _aIncludes bibliographical references (p. [469]-476) and index.
505 0 _aContents: The Historical origins of the trust -- Property, obligations, and trusts -- Express trusts -- Resulting trusts -- Constructive trusts -- Formalities and secret trusts -- Certainty -- The Constitution of trusts -- Trusts and purposes -- The Trust up and running -- Breach of trust -- The Law governing fiduciaries -- Charitable trusts.
650 0 _aTrusts and trustees
_zEngland.
650 0 _aEquity
_zEngland.
830 0 _aButterworths core text series.
856 4 2 _3Contributor biographical information
_uhttp://www.loc.gov/catdir/enhancements/fy0907/2008018980-b.html
856 4 2 _3Publisher description
_uhttp://www.loc.gov/catdir/enhancements/fy0907/2008018980-d.html
856 4 1 _3Table of contents only
_uhttp://www.loc.gov/catdir/enhancements/fy0907/2008018980-t.html
906 _a7
_bcbc
_corignew
_d1
_eecip
_f20
_gy-gencatlg
942 _2lcc
_cBK
999 _c2698
_d10198